[Event "Campeonato España Sub 14"]
[Site "Salobreña"]
[Date "2017.07.17"]
[Round "2"]
[White "Henderson de La Fuente, Lance"]
[Black "Amengual Perello, Jordi"]
[Result "1-0"]
[Board "2"]
[WhiteClock "1:30"]
[WhiteElo "2369"]
[WhiteCountry "ESP"]
[WhiteFideId "32096585"]
[WhiteEloChange "2"]
[BlackClock "1:30"]
[BlackElo "1727"]
[BlackCountry "ESP"]
[BlackFideId "24571920"]
[BlackEloChange "-2"]

1. e4 {[%clk 1:30:00]} e5 {[%clk 1:30:00]} 2. Nf3 {[%clk 1:31:00]} Nf6 {[%clk
1:31:00]} 3. Nxe5 {[%clk 1:31:00]} d6 {[%clk 1:31:00]} 4. Nf3 {[%clk 1:31:00]}
Nxe4 {[%clk 1:32:00]} 5. Nc3 {[%clk 1:31:00]} Nxc3 {[%clk 1:32:00]} 6. dxc3
{[%clk 1:31:00]} Be7 {[%clk 1:32:00]} 7. Be3 {[%clk 1:31:00]} Nc6 {[%clk
1:32:00]} 8. Qd2 {[%clk 1:32:00]} Be6 {[%clk 1:33:00]} 9. O-O-O {[%clk 1:32:00]}
Qd7 {[%clk 1:33:00]} 10. h4 {[%clk 1:32:00]} h6 {[%clk 1:33:00]} 11. b3 {[%clk
1:32:00]} a6 {[%clk 1:31:00]} 12. Nd4 {[%clk 1:26:00]} Bf6 {[%clk 1:26:00]} 13.
Nxe6 {[%clk 1:25:00]} Qxe6 {[%clk 1:23:00]} 14. Bc4 {[%clk 1:22:00]} Qd7 {[%clk
1:23:00]} 15. Kb1 {[%clk 1:16:00]} O-O-O {[%clk 1:22:00]} 16. g3 {[%clk 1:11:00]}
Ne5 {[%clk 1:18:00]} 17. Bd5 {[%clk 1:09:00]} Kb8 {[%clk 1:13:00]} 18. Bg2 {[%clk
1:03:00]} Rhe8 {[%clk 1:06:00]} 19. Bd4 {[%clk 0:57:00]} Qf5 {[%clk 0:58:00]} 20.
Bh3 {[%clk 0:51:00]} Qf3 {[%clk 0:54:00]} 21. Rde1 {[%clk 0:42:00]} Qc6 {[%clk
0:45:00]} 22. Qd1 {[%clk 0:40:00]} Nf3 {[%clk 0:36:00]} 23. Rxe8 {[%clk 0:38:00]}
Rxe8 {[%clk 0:36:00]} 24. Bxf6 {[%clk 0:38:00]} gxf6 {[%clk 0:36:00]} 25. Kb2
{[%clk 0:38:00]} Ne5 {[%clk 0:32:00]} 26. f4 {[%clk 0:36:00]} Nd7 {[%clk
0:30:00]} 27. Re1 {[%clk 0:36:00]} Nc5 {[%clk 0:30:00]} 28. Rxe8+ {[%clk
0:35:00]} Qxe8 {[%clk 0:30:00]} 29. Qd2 {[%clk 0:32:00]} Qe4 {[%clk 0:22:00]} 30.
Bg2 {[%clk 0:32:00]} Qg6 {[%clk 0:21:00]} 31. Qe3 {[%clk 0:32:00]} Ne6 {[%clk
0:19:47]} 32. Qf3 {[%clk 0:29:00]} Nd8 {[%clk 0:19:15]} 33. f5 {[%clk 0:28:00]}
Qg7 {[%clk 0:18:40]} 34. Qe3 {[%clk 0:28:00]} Qf8 {[%clk 0:18:57]} 35. a4 {[%clk
0:26:00]} Nc6 {[%clk 0:18:26]} 36. Bxc6 {[%clk 0:23:00]} bxc6 {[%clk 0:18:53]}
37. Qf4 {[%clk 0:20:00]} c5 {[%clk 0:16:43]} 38. Qe4 {[%clk 0:20:00]} Qd8 {[%clk
0:15:51]} 39. g4 {[%clk 0:19:36]} Qf8 {[%clk 0:15:08]} 40. Ka2 {[%clk 0:18:35]}
Qd8 {[%clk 0:12:40]} 41. Qc4 {[%clk 0:18:49]} Qg8 {[%clk 0:12:24]} 42. Kb2 {[%clk
0:13:03]} Kb7 {[%clk 0:10:59]} 43. Qe4+ {[%clk 0:13:28]} Kb8 {[%clk 0:11:15]} 44.
b4 {[%clk 0:12:19]} cxb4 {[%clk 0:10:28]} 45. cxb4 {[%clk 0:12:43]} Qd8 {[%clk
0:09:17]} 46. Qc4 {[%clk 0:11:33]} Qg8 {[%clk 0:09:31]} 47. a5 {[%clk 0:10:29]}
Kb7 {[%clk 0:09:04]} 48. Qd5+ {[%clk 0:10:00]} Kb8 {[%clk 0:09:01]} 49. Qe4
{[%clk 0:09:40]} Qf8 {[%clk 0:08:02]} 50. Qc6 {[%clk 0:08:33]} Qc8 {[%clk
0:07:50]} 51. Kb3 {[%clk 0:07:07]} Qg8 {[%clk 0:06:24]} 52. Qxa6 {[%clk 0:07:12]}
Qxg4 {[%clk 0:06:46]} 53. Qb5+ {[%clk 0:07:24]} Kc8 {[%clk 0:06:25]} 54. a6
{[%clk 0:07:29]} Qf3+ {[%clk 0:05:51]} 55. Kb2 {[%clk 0:05:55]} Qe4 {[%clk
0:05:33]} 56. c3 {[%clk 0:04:48]} Qg2+ {[%clk 0:04:51]} 57. Ka3 {[%clk 0:04:47]}
Qe4 {[%clk 0:04:23]} 58. a7 {[%clk 0:04:41]} Qa8 {[%clk 0:04:11]} 59. Qa6+ {[%clk
0:04:56]} Kd7 {[%clk 0:04:13]} 60. b5 {[%clk 0:04:49]} Kd8 {[%clk 0:03:57]} 61.
h5 {[%clk 0:03:57]} Ke7 {[%clk 0:04:09]} 62. b6 {[%clk 0:02:49]} cxb6 {[%clk
0:04:01]} 63. Qxb6 {[%clk 0:03:11]} Qc8 {[%clk 0:03:40]} 64. Qa5 {[%clk 0:03:15]}
Ke8 {[%clk 0:03:40]} 1-0

[Event "Campeonato España Sub 14"]
[Site "Salobreña"]
[Date "2017.07.17"]
[Round "2"]
[White "Guillermo Gonzalez, Alvaro"]
[Black "Quispe Arteaga, Gabriel"]
[Result "0-1"]
[Board "3"]
[WhiteClock "1:30"]
[WhiteElo "1700"]
[WhiteCountry "ESP"]
[WhiteFideId "24558885"]
[WhiteEloChange "-2"]
[BlackClock "1:30"]
[BlackTitle "FM"]
[BlackElo "2231"]
[BlackCountry "ESP"]
[BlackFideId "32059809"]
[BlackEloChange "2"]

1. e4 {[%clk 1:30:00]} c6 {[%clk 1:30:00]} 2. d4 {[%clk 1:30:00]} d5 {[%clk
1:31:00]} 3. exd5 {[%clk 1:31:00]} cxd5 {[%clk 1:31:00]} 4. c4 {[%clk 1:31:00]}
Nf6 {[%clk 1:31:00]} 5. Nc3 {[%clk 1:31:00]} e6 {[%clk 1:32:00]} 6. Nf3 {[%clk
1:30:00]} Bb4 {[%clk 1:32:00]} 7. Be2 {[%clk 1:28:00]} dxc4 {[%clk 1:32:00]} 8.
Bxc4 {[%clk 1:23:00]} O-O {[%clk 1:33:00]} 9. O-O {[%clk 1:23:00]} Bxc3 {[%clk
1:27:00]} 10. bxc3 {[%clk 1:23:00]} Qc7 {[%clk 1:27:00]} 11. Qe2 {[%clk 1:21:00]}
b6 {[%clk 1:26:00]} 12. Bg5 {[%clk 1:12:00]} Nbd7 {[%clk 1:26:00]} 13. Rac1
{[%clk 1:10:00]} Bb7 {[%clk 1:26:00]} 14. Bd3 {[%clk 1:08:00]} Rfe8 {[%clk
1:22:00]} 15. Bxf6 {[%clk 0:51:00]} Bxf3 {[%clk 1:20:00]} 16. Qxf3 {[%clk
0:51:00]} Nxf6 {[%clk 1:20:00]} 17. Rfe1 {[%clk 0:40:00]} Rad8 {[%clk 1:20:00]}
18. Be4 {[%clk 0:34:00]} Qc4 {[%clk 1:15:00]} 19. Qe2 {[%clk 0:31:00]} Qa4 {[%clk
1:14:00]} 20. Bc2 {[%clk 0:29:00]} Qa5 {[%clk 1:12:00]} 21. Red1 {[%clk 0:27:00]}
Nd5 {[%clk 1:06:00]} 22. Qd3 {[%clk 0:24:00]} g6 {[%clk 1:03:00]} 23. Bb3 {[%clk
0:22:00]} Ne7 {[%clk 0:59:00]} 24. Qe4 {[%clk 0:18:02]} Nf5 {[%clk 0:59:00]} 25.
Re1 {[%clk 0:07:30]} h5 {[%clk 0:43:00]} 26. Qf3 {[%clk 0:06:59]} Qa3 {[%clk
0:42:00]} 27. Rcd1 {[%clk 0:06:13]} a5 {[%clk 0:37:00]} 28. Rc1 {[%clk 0:05:50]}
a4 {[%clk 0:35:00]} 29. Bc4 {[%clk 0:06:16]} Rc8 {[%clk 0:35:00]} 30. Bb5 {[%clk
0:06:31]} Red8 {[%clk 0:34:00]} 31. h3 {[%clk 0:02:29]} Qxa2 {[%clk 0:30:00]} 32.
Qd1 {[%clk 0:00:31]} a3 {[%clk 0:30:00]} 0-1

[Event "Campeonato España Sub 14"]
[Site "Salobreña"]
[Date "2017.07.17"]
[Round "2"]
[White "Alonso Garcia, Aaron"]
[Black "Alfonso Pellisa, Aaron"]
[Result "1-0"]
[Board "4"]
[WhiteClock "1:30"]
[WhiteElo "2119"]
[WhiteCountry "ESP"]
[WhiteFideId "24521060"]
[WhiteEloChange "2"]
[BlackClock "1:30"]
[BlackElo "1713"]
[BlackCountry "ESP"]
[BlackFideId "24593486"]
[BlackEloChange "-2"]

1. e4 {[%clk 1:30:00]} e5 {[%clk 1:30:00]} 2. Nf3 {[%clk 1:31:00]} Nc6 {[%clk
1:31:00]} 3. Bc4 {[%clk 1:31:00]} Nf6 {[%clk 1:31:00]} 4. d3 {[%clk 1:31:00]} Bc5
{[%clk 1:30:00]} 5. c3 {[%clk 1:32:00]} a6 {[%clk 1:31:00]} 6. O-O {[%clk
1:31:00]} Ba7 {[%clk 1:30:00]} 7. Bb3 {[%clk 1:30:00]} d6 {[%clk 1:28:00]} 8.
Nbd2 {[%clk 1:29:00]} O-O {[%clk 1:26:00]} 9. Nc4 {[%clk 1:24:00]} Ne7 {[%clk
1:22:00]} 10. Ne3 {[%clk 1:22:00]} Ng6 {[%clk 1:21:00]} 11. Re1 {[%clk 1:02:00]}
Nh5 {[%clk 1:03:00]} 12. d4 {[%clk 0:48:00]} Nhf4 {[%clk 0:55:00]} 13. g3 {[%clk
0:44:00]} Ne6 {[%clk 0:32:00]} 14. Nf5 {[%clk 0:44:00]} h6 {[%clk 0:31:00]} 15.
h4 {[%clk 0:44:00]} exd4 {[%clk 0:29:00]} 16. cxd4 {[%clk 0:43:00]} Re8 {[%clk
0:27:00]} 17. Be3 {[%clk 0:39:00]} Ne7 {[%clk 0:24:00]} 18. Qd3 {[%clk 0:26:00]}
Nxf5 {[%clk 0:21:00]} 19. exf5 {[%clk 0:26:00]} Nf8 {[%clk 0:21:00]} 20. Bf4
{[%clk 0:19:59]} Bd7 {[%clk 0:18:09]} 21. Qc4 {[%clk 0:16:46]} Rxe1+ {[%clk
0:14:00]} 22. Rxe1 {[%clk 0:17:15]} Be8 {[%clk 0:14:44]} 23. f6 {[%clk 0:10:27]}
Ng6 {[%clk 0:05:08]} 24. Rxe8+ {[%clk 0:07:40]} Qxe8 {[%clk 0:05:24]} 25. Qxc7
{[%clk 0:08:09]} Nxf4 {[%clk 0:04:05]} 26. gxf4 {[%clk 0:08:38]} Rb8 {[%clk
0:02:56]} 27. Qxd6 {[%clk 0:07:53]} Qd8 {[%clk 0:02:08]} 28. Bxf7+ {[%clk
0:07:41]} Kxf7 {[%clk 0:00:21]} 29. Ne5+ {[%clk 0:08:10]} Kg8 {[%clk 0:01:12]}
30. Qe6+ {[%clk 0:08:25]} Kh7 {[%clk 0:00:49]} 31. Qf5+ {[%clk 0:08:50]} Kg8
{[%clk 0:01:12]} 32. f7+ {[%clk 0:09:06]} Kh8 {[%clk 0:00:42]} 33. Ng6+ {[%clk
0:09:35]} Kh7 {[%clk 0:01:06]} 34. Nf8+ {[%clk 0:09:35]} 1-0

[Event "Campeonato España Sub 14"]
[Site "Salobreña"]
[Date "2017.07.17"]
[Round "2"]
[White "Lagunas Gualda, Guillermo"]
[Black "Gomez Carreno, Martin"]
[Result "1-0"]
[Board "5"]
[WhiteClock "1:30"]
[WhiteElo "1685"]
[WhiteCountry "ESP"]
[WhiteFideId "24515949"]
[WhiteEloChange "18"]
[BlackClock "1:30"]
[BlackElo "2089"]
[BlackCountry "ESP"]
[BlackFideId "32066171"]
[BlackEloChange "-18"]

1. c4 {[%clk 1:30:00]} e5 {[%clk 1:30:00]} 2. g3 {[%clk 1:30:00]} Nc6 {[%clk
1:31:00]} 3. Bg2 {[%clk 1:31:00]} Bc5 {[%clk 1:31:00]} 4. e3 {[%clk 1:30:00]} a6
{[%clk 1:30:00]} 5. Nc3 {[%clk 1:29:00]} d6 {[%clk 1:30:00]} 6. Nge2 {[%clk
1:29:00]} f5 {[%clk 1:29:00]} 7. d4 {[%clk 1:19:00]} Ba7 {[%clk 1:28:00]} 8. dxe5
{[%clk 1:16:00]} Nxe5 {[%clk 1:28:00]} 9. b3 {[%clk 1:14:00]} Nf6 {[%clk
1:27:00]} 10. Bb2 {[%clk 1:11:00]} O-O {[%clk 1:26:00]} 11. O-O {[%clk 1:11:00]}
Rb8 {[%clk 1:20:00]} 12. Nd4 {[%clk 1:00:00]} Qe8 {[%clk 1:09:00]} 13. Nd5 {[%clk
0:52:00]} Nxd5 {[%clk 1:03:00]} 14. Bxd5+ {[%clk 0:52:00]} Kh8 {[%clk 1:04:00]}
15. Bg2 {[%clk 0:47:00]} Bd7 {[%clk 1:01:00]} 16. a4 {[%clk 0:41:00]} Qg6 {[%clk
0:55:00]} 17. Ne2 {[%clk 0:36:00]} Bc6 {[%clk 0:52:00]} 18. Nf4 {[%clk 0:31:00]}
Qf7 {[%clk 0:49:00]} 19. Nd5 {[%clk 0:28:00]} Rbd8 {[%clk 0:43:00]} 20. Qc2
{[%clk 0:24:00]} Ra8 {[%clk 0:21:00]} 21. Rad1 {[%clk 0:22:00]} Rae8 {[%clk
0:19:05]} 22. b4 {[%clk 0:18:22]} Qd7 {[%clk 0:16:42]} 23. b5 {[%clk 0:16:10]}
Bxd5 {[%clk 0:15:33]} 24. Bxd5 {[%clk 0:16:04]} c6 {[%clk 0:15:02]} 25. bxc6
{[%clk 0:16:14]} bxc6 {[%clk 0:15:19]} 26. Bg2 {[%clk 0:16:02]} Qc7 {[%clk
0:10:35]} 27. Bd4 {[%clk 0:11:02]} Bb8 {[%clk 0:08:38]} 28. Rd2 {[%clk 0:09:03]}
Rd8 {[%clk 0:06:20]} 29. Rfd1 {[%clk 0:08:32]} Rde8 {[%clk 0:04:49]} 30. Qc3
{[%clk 0:05:49]} Qf7 {[%clk 0:03:59]} 31. Bxe5 {[%clk 0:05:43]} Rxe5 {[%clk
0:04:01]} 32. Bxc6 {[%clk 0:05:33]} Rc5 {[%clk 0:03:31]} 33. Bd5 {[%clk 0:05:49]}
Qd7 {[%clk 0:03:19]} 34. Ra2 {[%clk 0:04:33]} Rfc8 {[%clk 0:03:06]} 35. Qd3
{[%clk 0:04:39]} Ra5 {[%clk 0:02:38]} 36. Rb1 {[%clk 0:04:06]} Bc7 {[%clk
0:02:16]} 37. Qd1 {[%clk 0:03:11]} h6 {[%clk 0:02:13]} 38. Rb7 {[%clk 0:02:51]}
Rc5 {[%clk 0:02:26]} 39. Rab2 {[%clk 0:03:00]} Qd8 {[%clk 0:02:10]} 40. Qd3
{[%clk 0:02:51]} Qf6 {[%clk 0:02:00]} 41. Rb1 {[%clk 0:02:38]} Bd8 {[%clk
0:01:46]} 42. Rf7 {[%clk 0:02:35]} Qg5 {[%clk 0:01:10]} 43. Rxf5 {[%clk 0:02:09]}
Qe7 {[%clk 0:01:20]} 44. Rf7 {[%clk 0:02:24]} Qe8 {[%clk 0:01:44]} 45. Rbb7
{[%clk 0:02:08]} R5c7 {[%clk 0:01:37]} 46. Rbxc7 {[%clk 0:02:13]} Rxc7 {[%clk
0:01:50]} 47. Rxc7 {[%clk 0:02:38]} Bxc7 {[%clk 0:02:13]} 48. Qb3 {[%clk
0:02:58]} a5 {[%clk 0:01:53]} 49. Qb7 {[%clk 0:02:58]} Qb8 {[%clk 0:02:02]} 50.
Kg2 {[%clk 0:02:47]} Qxb7 {[%clk 0:02:07]} 51. Bxb7 {[%clk 0:03:10]} Bb6 {[%clk
0:02:04]} 52. Kf3 {[%clk 0:03:01]} Kg8 {[%clk 0:02:11]} 53. Ke4 {[%clk 0:03:24]}
Kf7 {[%clk 0:01:58]} 54. Kd5 {[%clk 0:02:01]} Bc5 {[%clk 0:02:25]} 55. f4 {[%clk
0:01:15]} Bxe3 {[%clk 0:02:23]} 56. Kxd6 {[%clk 0:01:33]} Bg1 {[%clk 0:02:48]}
57. h3 {[%clk 0:01:33]} Bh2 {[%clk 0:03:07]} 58. g4 {[%clk 0:01:59]} Bxf4+ {[%clk
0:03:31]} 59. Kd7 {[%clk 0:02:01]} Be3 {[%clk 0:03:45]} 60. Bd5+ {[%clk 0:01:57]}
Kf6 {[%clk 0:03:32]} 61. Kc6 {[%clk 0:01:57]} Ke5 {[%clk 0:03:32]} 62. c5 {[%clk
0:01:57]} h5 {[%clk 0:03:32]} 63. gxh5 {[%clk 0:01:57]} Kd4 {[%clk 0:03:32]} 64.
Bf7 {[%clk 0:01:57]} Bg5 {[%clk 0:03:32]} 65. Kb5 {[%clk 0:01:57]} Bd8 {[%clk
0:03:32]} 66. Bg8 {[%clk 0:01:57]} Bc7 {[%clk 0:03:32]} 67. Kc6 {[%clk 0:01:57]}
Bf4 {[%clk 0:03:32]} 68. Kb6 {[%clk 0:01:57]} Kc3 {[%clk 0:03:32]} 69. c6 {[%clk
0:01:57]} Kb4 {[%clk 0:03:32]} 70. c7 {[%clk 0:01:57]} Bxc7+ {[%clk 0:03:32]} 71.
Kxc7 {[%clk 0:01:57]} Kxa4 {[%clk 0:03:32]} 72. Kd6 {[%clk 0:01:57]} Kb5 {[%clk
0:03:32]} 73. Ke7 {[%clk 0:01:57]} a4 {[%clk 0:03:32]} 1-0

[Event "Campeonato España Sub 14"]
[Site "Salobreña"]
[Date "2017.07.17"]
[Round "2"]
[White "Eizaguerri Floris, Maria"]
[Black "Canavate Ros, Adrian"]
[Result "1-0"]
[Board "6"]
[WhiteClock "1:30"]
[WhiteTitle "WFM"]
[WhiteElo "2075"]
[WhiteCountry "ESP"]
[WhiteFideId "32065752"]
[WhiteEloChange "2"]
[BlackClock "1:30"]
[BlackElo "1702"]
[BlackCountry "ESP"]
[BlackFideId "32070543"]
[BlackEloChange "-2"]

1. e4 {[%clk 1:30:00]} c5 {[%clk 1:30:00]} 2. c3 {[%clk 1:31:00]} d5 {[%clk
1:31:00]} 3. exd5 {[%clk 1:31:00]} Qxd5 {[%clk 1:31:00]} 4. d4 {[%clk 1:32:00]}
Nf6 {[%clk 1:31:00]} 5. Nf3 {[%clk 1:32:00]} Nc6 {[%clk 1:31:00]} 6. Be2 {[%clk
1:30:00]} Bf5 {[%clk 1:30:00]} 7. dxc5 {[%clk 1:16:00]} Qxd1+ {[%clk 1:21:00]} 8.
Bxd1 {[%clk 1:16:00]} e6 {[%clk 1:21:00]} 9. b4 {[%clk 1:11:00]} a5 {[%clk
1:21:00]} 10. Ba4 {[%clk 1:08:00]} axb4 {[%clk 1:21:00]} 11. Bxc6+ {[%clk
1:08:00]} bxc6 {[%clk 1:21:00]} 12. cxb4 {[%clk 1:08:00]} Bxb1 {[%clk 1:21:00]}
13. Rxb1 {[%clk 1:09:00]} Rxa2 {[%clk 1:21:00]} 14. Ne5 {[%clk 1:07:00]} Ra6
{[%clk 1:15:00]} 15. b5 {[%clk 0:59:00]} cxb5 {[%clk 1:11:00]} 16. Rxb5 {[%clk
0:59:00]} Be7 {[%clk 1:06:00]} 17. Rb8+ {[%clk 0:57:00]} Bd8 {[%clk 1:06:00]} 18.
Rxd8+ {[%clk 0:54:00]} Kxd8 {[%clk 1:06:00]} 19. Nxf7+ {[%clk 0:54:00]} Ke7
{[%clk 1:07:00]} 20. Nxh8 {[%clk 0:55:00]} Ra8 {[%clk 1:07:00]} 21. Ke2 {[%clk
0:50:00]} Rxh8 {[%clk 1:07:00]} 22. Be3 {[%clk 0:51:00]} Rb8 {[%clk 1:05:00]} 23.
Ra1 {[%clk 0:50:00]} Rb7 {[%clk 1:04:00]} 24. Ra6 {[%clk 0:45:00]} Nd5 {[%clk
1:01:00]} 25. Bd4 {[%clk 0:45:00]} Kf7 {[%clk 0:48:00]} 26. Kf3 {[%clk 0:38:00]}
Rd7 {[%clk 0:35:00]} 27. Be5 {[%clk 0:34:00]} Nb4 {[%clk 0:30:00]} 28. Rb6 {[%clk
0:32:00]} Nd3 {[%clk 0:26:00]} 29. Bd6 {[%clk 0:32:00]} Ne1+ {[%clk 0:26:00]} 30.
Kg3 {[%clk 0:32:00]} Nd3 {[%clk 0:23:00]} 31. c6 {[%clk 0:25:00]} Rxd6 {[%clk
0:22:00]} 32. c7 {[%clk 0:25:00]} Rxb6 {[%clk 0:22:00]} 33. c8Q {[%clk 0:26:00]}
Kg6 {[%clk 0:22:00]} 34. Qe8+ {[%clk 0:21:00]} Kh6 {[%clk 0:22:00]} 35. Qd8
{[%clk 0:22:00]} Rb3 {[%clk 0:21:00]} 36. f3 {[%clk 0:21:00]} Kg6 {[%clk
0:15:46]} 37. Qe7 {[%clk 0:21:00]} Rb6 {[%clk 0:15:03]} 38. Qe8+ {[%clk 0:22:00]}
Kh6 {[%clk 0:15:11]} 39. Qd8 {[%clk 0:22:00]} Rb3 {[%clk 0:15:16]} 40. h4 {[%clk
0:23:00]} g6 {[%clk 0:15:03]} 41. Qg5+ {[%clk 0:22:00]} Kg7 {[%clk 0:14:56]} 42.
Qe7+ {[%clk 0:22:00]} Kh6 {[%clk 0:14:55]} 43. Qxe6 {[%clk 0:23:00]} Rc3 {[%clk
0:14:39]} 44. Qe3+ {[%clk 0:23:00]} 1-0

[Event "Campeonato España Sub 14"]
[Site "Salobreña"]
[Date "2017.07.17"]
[Round "2"]
[White "Del Moral Collado, Enrique"]
[Black "Garcia Gimenez, Santiago"]
[Result "0-1"]
[Board "7"]
[WhiteClock "1:30"]
[WhiteElo "1683"]
[WhiteCountry "ESP"]
[WhiteFideId "24513261"]
[WhiteEloChange "-2"]
[BlackClock "1:30"]
[BlackElo "2064"]
[BlackCountry "ESP"]
[BlackFideId "32063350"]
[BlackEloChange "2"]

1. e4 {[%clk 1:30:00]} e5 {[%clk 1:30:00]} 2. Nf3 {[%clk 1:30:00]} Nc6 {[%clk
1:31:00]} 3. Bc4 {[%clk 1:30:00]} Bc5 {[%clk 1:31:00]} 4. c3 {[%clk 1:29:00]} Nf6
{[%clk 1:31:00]} 5. d4 {[%clk 1:28:00]} exd4 {[%clk 1:30:00]} 6. cxd4 {[%clk
1:28:00]} Bb4+ {[%clk 1:31:00]} 7. Bd2 {[%clk 1:28:00]} Bxd2+ {[%clk 1:31:00]} 8.
Nbxd2 {[%clk 1:28:00]} d5 {[%clk 1:31:00]} 9. exd5 {[%clk 1:29:00]} Nxd5 {[%clk
1:31:00]} 10. Qb3 {[%clk 1:28:00]} Nce7 {[%clk 1:27:00]} 11. O-O {[%clk 1:24:00]}
O-O {[%clk 1:27:00]} 12. Rfe1 {[%clk 1:20:00]} c6 {[%clk 1:26:00]} 13. Ne4 {[%clk
1:16:00]} Qb6 {[%clk 1:25:00]} 14. Qa3 {[%clk 1:13:00]} Bg4 {[%clk 1:24:00]} 15.
Bxd5 {[%clk 1:08:00]} Nxd5 {[%clk 1:24:00]} 16. Ne5 {[%clk 1:08:00]} Qxd4 {[%clk
1:18:00]} 17. Nxg4 {[%clk 1:08:00]} f5 {[%clk 1:18:00]} 18. Nh6+ {[%clk 1:04:00]}
gxh6 {[%clk 1:19:00]} 19. Nd6 {[%clk 1:02:00]} f4 {[%clk 1:17:00]} 20. Qf3 {[%clk
0:57:00]} Qg7 {[%clk 1:15:00]} 21. Re6 {[%clk 0:53:00]} Rad8 {[%clk 1:08:00]} 22.
Rae1 {[%clk 0:49:00]} Rd7 {[%clk 1:08:00]} 23. Ne8 {[%clk 0:43:00]} Qg5 {[%clk
1:06:00]} 24. Qh3 {[%clk 0:36:00]} f3 {[%clk 1:05:00]} 25. g3 {[%clk 0:35:00]}
Nf4 {[%clk 1:06:00]} 26. Nf6+ {[%clk 0:34:00]} Qxf6 {[%clk 1:04:00]} 27. gxf4
{[%clk 0:33:00]} Rg7+ {[%clk 1:05:00]} 28. Kh1 {[%clk 0:32:00]} Qxf4 {[%clk
1:05:00]} 29. Rxh6 {[%clk 0:31:00]} Qd4 {[%clk 1:04:00]} 30. Rg1 {[%clk 0:28:00]}
Rxg1+ {[%clk 1:03:00]} 31. Kxg1 {[%clk 0:29:00]} Qd1+ {[%clk 1:03:00]} 32. Qf1
{[%clk 0:29:00]} Rd8 {[%clk 1:04:00]} 33. Re6 {[%clk 0:28:00]} Qxf1+ {[%clk
1:04:00]} 34. Kxf1 {[%clk 0:28:00]} Rd1+ {[%clk 1:05:00]} 35. Re1 {[%clk
0:29:00]} Rd2 {[%clk 1:05:00]} 36. Rb1 {[%clk 0:27:00]} Kf7 {[%clk 1:06:00]} 37.
a3 {[%clk 0:24:00]} Kf6 {[%clk 1:06:00]} 38. b4 {[%clk 0:23:00]} Kf5 {[%clk
1:06:00]} 39. h3 {[%clk 0:23:00]} Kf4 {[%clk 1:07:00]} 40. Kg1 {[%clk 0:22:00]}
Ra2 {[%clk 1:07:00]} 41. Rb3 {[%clk 0:22:00]} Ra1+ {[%clk 1:07:00]} 42. Kh2
{[%clk 0:22:00]} Rf1 {[%clk 1:07:00]} 43. Rb2 {[%clk 0:22:00]} h5 {[%clk
1:07:00]} 44. Rc2 {[%clk 0:22:00]} Re1 {[%clk 1:06:00]} 45. Rc4+ {[%clk 0:20:00]}
Re4 {[%clk 1:06:00]} 46. Rc2 {[%clk 0:21:00]} h4 {[%clk 1:07:00]} 47. Rd2 {[%clk
0:20:00]} b6 {[%clk 1:06:00]} 48. Rd7 {[%clk 0:20:00]} Re2 {[%clk 1:06:00]} 49.
Rf7+ {[%clk 0:20:00]} Ke4 {[%clk 1:07:00]} 50. Kg1 {[%clk 0:20:00]} Re1+ {[%clk
1:07:00]} 51. Kh2 {[%clk 0:20:00]} Rf1 {[%clk 1:07:00]} 52. Re7+ {[%clk 0:20:00]}
Kd4 {[%clk 1:08:00]} 53. Rh7 {[%clk 0:18:28]} Rxf2+ {[%clk 1:08:00]} 54. Kg1
{[%clk 0:18:49]} Rg2+ {[%clk 1:08:00]} 55. Kf1 {[%clk 0:19:09]} Ra2 {[%clk
1:08:00]} 56. Rxh4+ {[%clk 0:19:09]} Ke3 {[%clk 1:08:00]} 57. Kg1 {[%clk
0:17:56]} Ra1+ {[%clk 1:08:00]} 58. Kh2 {[%clk 0:18:14]} f2 {[%clk 1:08:00]} 0-1

[Event "Campeonato España Sub 14"]
[Site "Salobreña"]
[Date "2017.07.17"]
[Round "2"]
[White "Prado Lobo, Jonas"]
[Black "Pueyo Amoros, Pau"]
[Result "1-0"]
[Board "8"]
[WhiteClock "1:30"]
[WhiteElo "2054"]
[WhiteCountry "ESP"]
[WhiteFideId "32050666"]
[WhiteEloChange "2"]
[BlackClock "1:30"]
[BlackElo "1687"]
[BlackCountry "ESP"]
[BlackFideId "24509205"]
[BlackEloChange "-2"]

1. d4 {[%clk 1:30:00]} Nf6 {[%clk 1:30:00]} 2. c4 {[%clk 1:31:00]} e6 {[%clk
1:31:00]} 3. Nc3 {[%clk 1:31:00]} Bb4 {[%clk 1:31:00]} 4. Qc2 {[%clk 1:32:00]} c5
{[%clk 1:31:00]} 5. dxc5 {[%clk 1:32:00]} Na6 {[%clk 1:31:00]} 6. g3 {[%clk
1:31:00]} Nxc5 {[%clk 1:29:00]} 7. Bg2 {[%clk 1:31:00]} d5 {[%clk 1:24:00]} 8.
cxd5 {[%clk 1:28:00]} Nxd5 {[%clk 1:24:00]} 9. Bd2 {[%clk 1:27:00]} Nf6 {[%clk
1:09:00]} 10. O-O-O {[%clk 1:24:00]} Qe7 {[%clk 1:06:00]} 11. Bf4 {[%clk
1:07:00]} e5 {[%clk 1:01:00]} 12. Bg5 {[%clk 1:05:00]} Be6 {[%clk 0:55:00]} 13.
Nd5 {[%clk 0:58:00]} Bxd5 {[%clk 0:54:00]} 14. Rxd5 {[%clk 0:56:00]} Rc8 {[%clk
0:53:00]} 15. Kb1 {[%clk 0:54:00]} O-O {[%clk 0:51:00]} 16. Qf5 {[%clk 0:51:00]}
Qc7 {[%clk 0:38:00]} 17. Rd1 {[%clk 0:44:00]} e4 {[%clk 0:33:00]} 18. Nh3 {[%clk
0:37:00]} Bc3 {[%clk 0:26:00]} 19. Bxf6 {[%clk 0:28:00]} Bxf6 {[%clk 0:26:00]}
20. Ng5 {[%clk 0:26:00]} Bxg5 {[%clk 0:25:00]} 21. Qxg5 {[%clk 0:26:00]} Na4
{[%clk 0:21:00]} 22. Rd2 {[%clk 0:19:17]} Qb6 {[%clk 0:20:00]} 23. Qe3 {[%clk
0:16:54]} Qb4 {[%clk 0:19:11]} 24. a3 {[%clk 0:13:40]} Nc3+ {[%clk 0:18:13]} 25.
Qxc3 {[%clk 0:13:28]} Qb6 {[%clk 0:16:00]} 26. Qe3 {[%clk 0:13:46]} Qa6 {[%clk
0:16:03]} 27. Bxe4 {[%clk 0:12:41]} Rfe8 {[%clk 0:16:06]} 28. Rhd1 {[%clk
0:11:05]} h6 {[%clk 0:14:36]} 29. Qf3 {[%clk 0:09:48]} Rb8 {[%clk 0:12:50]} 30.
Rd6 {[%clk 0:07:26]} Qa4 {[%clk 0:11:43]} 31. R1d4 {[%clk 0:06:23]} Qb5 {[%clk
0:11:29]} 32. Qf5 {[%clk 0:05:25]} Qxe2 {[%clk 0:07:29]} 33. Qh7+ {[%clk
0:05:42]} Kf8 {[%clk 0:07:49]} 34. Rd7 {[%clk 0:05:42]} 1-0